Statistics for Easy History True or False

Click here to take the quiz!

General Stats

  • This quiz has been taken 42,417 times
  • The average score is 13 of 15

Answer Stats

QuestionAnswer% Correct
The Great Pyramid was one of the Seven Wonders of the Ancient WorldTrue
96%
Abraham Lincoln was the first President of the United StatesFalse
94%
Germany was on the losing side of both World WarsTrue
93%
Mahatma Gandhi was king of IndiaFalse
92%
Islam was an important religion in ancient RomeFalse
91%
Mongol soldiers usually fought on horsebackTrue
91%
Babylon was a city that actually used to existTrue
91%
The Aztecs practiced human sacrificeTrue
90%
Thor was one of the gods worshipped by the VikingsTrue
90%
Christopher Columbus was the first person to sail around the entire EarthFalse
89%
Hong Kong used to be controlled by the United KingdomTrue
87%
Gunpowder was first invented in AfricaFalse
86%
Australia was completely uninhabited until it was discovered by EuropeansFalse
86%
Socrates lived in what is today IranFalse
86%
Buddha was a real personTrue
81%

Score Distribution

Percentile by Number Answered

Percent of People with Each Score

Your Score History

You have not taken this quiz